000
00283nam a2200109 4500
999
_c
10507
_d
10507
008
180904b ||||| |||| 00| 0 eng d
245
_a
Dengue mass vaccination.
260
_a
Davao City
_b
Sun Star Davao
_c
c2016
300
_a
page 5.
650
0
_9
30838
_a
Immunology.
942
_2
ddc
_c
PER